| 000 | 00354nam a2200145 4500 | ||
|---|---|---|---|
| 008 | 190122s2007||||xo d | ||
| 100 | 1 |
_aTemplár Richard _9799 |
|
| 245 | 1 | 0 | _a100 zlatých pravidiel pre spokojný život |
| 250 | _a1. vydanie | ||
| 260 |
_bGrada Publishing _c2007 |
||
| 020 | _c0 | ||
| 041 | 1 | _aslo | |
| 044 |
_axo _cSK |
||
| 958 | _aAPR | ||
| 999 |
_c22001 _d22001 |
||